书目信息 |
| 题名: |
园林工程建设招标投标与合同管理
|
|
| 作者: | 董三孝 , 韩东锋 主编 | |
| 分册: | ||
| 出版信息: | 北京 化学工业出版社 2007.05 |
|
| 页数: | 323页 | |
| 开本: | 20cm | |
| 丛书名: | 园林工程建设技术丛书 | |
| 单 册: | ||
| 中图分类: | TU986.3 | |
| 科图分类: | ||
| 主题词: | 园林--yuan lin--工程施工--招标 , 园林--yuan lin--工程施工--合同--管理 , 园林--yuan lin--工程施工--投标 | |
| 电子资源: | ||
| ISBN: | 978-7-122-00164-1 | |
| 000 | 01211nam 2200301 450 | |
| 001 | 012007742747 | |
| 005 | 20091118154109.43 | |
| 010 | @a978-7-122-00164-1@dCNY25.00 | |
| 100 | @a20070924d2007 km y0chiy0120 ea | |
| 101 | 0 | @achi |
| 102 | @aCN@b110000 | |
| 105 | @aa a 000yy | |
| 106 | @ar | |
| 200 | 1 | @a园林工程建设招标投标与合同管理@Ayuan lin gong cheng jian she zhao biao tou biao yu he tong guan li@f董三孝, 韩东锋主编@Fdong san xiao,han dong feng zhu bian |
| 210 | @a北京@c化学工业出版社@d2007.05 | |
| 215 | @a323页@c图@d20cm | |
| 225 | 2 | @a园林工程建设技术丛书@Ayuan lin gong cheng jian she ji shu cong shu |
| 320 | @a有书目。 | |
| 330 | @a全书包括园林工程建设的项目管理、园林工程建设招标、园林工程建设投标、园林工程建设合同体系的建立履行与管理、园林工程建设施工合同的建立与管理、园林工程建设项目的风险管理六方面的内容。 | |
| 410 | 0 | @12001 @a园林工程建设技术丛书 |
| 606 | 0 | @a园林@Ayuan lin@x工程施工@x招标 |
| 606 | 0 | @a园林@Ayuan lin@x工程施工@x合同@x管理 |
| 606 | 0 | @a园林@Ayuan lin@x工程施工@x投标 |
| 690 | @aTU986.3@v4 | |
| 701 | 0 | @a董三孝@Adong san xiao@4主编 |
| 701 | 0 | @a韩东锋@Ahan dong feng@4主编 |
| 801 | 0 | @aCN@b@c20091118 |
| 905 | @b264006-08@dTU986.3@eD7301@f3 | |
| 园林工程建设招标投标与合同管理/董三孝, 韩东锋主编.-北京:化学工业出版社,2007.05 |
| 323页:图;20cm.-(园林工程建设技术丛书) |
| ISBN 978-7-122-00164-1:CNY25.00 |
| 全书包括园林工程建设的项目管理、园林工程建设招标、园林工程建设投标、园林工程建设合同体系的建立履行与管理、园林工程建设施工合同的建立与管理、园林工程建设项目的风险管理六方面的内容。 |
| ● |
| 相关链接 |
|
|
|
正题名:园林工程建设招标投标与合同管理
索取号:TU986.3/D7301
 
预约/预借
| 序号 | 登录号 | 条形码 | 馆藏地/架位号 | 状态 | 备注 |
| 1 | 264006 | 202640062 | 建筑库201/201建筑库 114排1列6层/ [索取号:TU986.3/D7301] | 在馆 | |
| 2 | 264007 | 202640071 | 建筑库201/201建筑库 114排1列6层/ [索取号:TU986.3/D7301] | 在馆 | |
| 3 | 264008 | 202640080 | 建筑库201/201建筑库 114排1列6层/ [索取号:TU986.3/D7301] | 在馆 |